00813nam a2200217 a 4500008004100000020003200041040002500073044001100098080001000109100005500119245016100174250001300335260007800348300002700426490001800453700002800471700002700499700003100526700003000557041000800587951212s1980||||CS 0 slo c c10 Kčs. q(50000 výtl.) aSNKbslocSNKeAACR2 axocSK a840-31 aLa Fayette, Marie Madelaine Pioche de la Vergne de10aKňažná de ClévescMarie Madelaine Pioche de la Vergne de La Fayette ; Viera Millerová, Ján Krížik, Ladislav Borodáč, Terézia Černá a2., vyd. aBratislavabSlovenský spisovateľc1980eNitrafNitrianske tlačiarne a144 s., 8,41 AHc21 cm0 aRetrovZv. 5.1 aMillerová, Viera4prk1 aKrížik, Ján4gup1 aBorodáč, Ladislav4gup1 aČerná, Terézia4ini aslo